000 00584nam a2200181Ia 4500
008 090630s9999 xx 000 0 und d
082 _b11615
100 _aबांदोडकर गो. पु.
245 _aभागीदार.
_cबांदोडकर गो. पु.
260 _bप्रिया.
_c1991
300 _a212
600 _aबांदोडकर गो. पु.
630 _aभागीदार.
655 _aकादंबरी.
700 _aबांदोडकर गो. पु.
730 _aभागीदार.
942 _cBOOK
999 _c263471
_d263471